01274nam a2200301 a 4500001001200000003000800012006001900020007001500039008004100054020002700095040002100122035002100143050002600164100002100190245007900211246003400290260005000324300002500374490002400399504004100423505010800464533015200572600005900724655002900783710001700812856012600829999001700955ebr10567328CaPaEBRm u cr cn|||||||||120611s2007 enkac sb 000 0deng d z9781847600103 (e-book) aCaPaEBRcCaPaEBR a(OCoLC)69747428714aPR4710b.M3734 2007eb1 aGravil, Richard.10aElizabeth Gaskellh[electronic resource] :bMary Barton /cRichard Gravil.3 aElizabeth Gaskell Mary Barton aTirril [England] :bHumanities-Ebooks,c2007. a87 p. :bill., port.0 aLiterature insights aIncludes bibliographical references.0 apt. 1. Life and times -- pt. 2. Narrative strategies -- pt. 3. Reading Mary Barton -- pt. 4. Reception. aElectronic reproduction.bPalo Alto, Calif. :cebrary,d2011.nAvailable via World Wide Web.nAccess may be limited to ebrary affiliated libraries.10aGaskell, Elizabeth Cleghorn,d1810-1865.tMary Barton. 7aElectronic books.2local2 aebrary, Inc.40uhttp://site.ebrary.com/lib/rucke/Doc?id=10567328zAn electronic book accessible through the World Wide Web; click to view c93317d93317